00362nam a2200145Ia 4500003000500000008004100005020001500046040001900061082000700080100001900087245004800106260004200154300000800196546001200204STCL181203s9999 xx 000 0 und d a8170172500 aSTCLbENcSTCL 222 aLeela Mullatti 4aThe Bhakti Movement and the Status of Women bAbhinav PublicationsaNew Delhic1989 a147 aEnglish